000 00452nam a2200181Ia 4500
005 20250326125654.0
008 250326s9999 xx 000 0 und d
037 _aTextbook
040 _aFMSL
_beng
_cFMSL
041 _aeng
_2eng
084 _aX;89M L6
_qFMSL
100 _aGupta R S
245 0 _aWork measurement
_cGupta R S
260 _aNd
_bNd, NPC
_c1976
300 _a30p
942 _cTB
_hX;89M L6
999 _c1279050
_d1279050